000 00459nam a22001697a 4500
003 NUST-PNEC
005 20170116180724.0
008 141031b xxu||||| |||| 00| 0 eng d
040 _cPNEC
082 _a510.3 DAI
100 _9893
_aDaintith, John
245 _aDictionary of mathematics :
_cJohn Daintith B.Sc., Ph.D
260 _aNew Delhi :
_bCosmo Publications Ltd.,
_c1983
300 _a216 p. :
_c18 cm.
650 _xDictionary
_xME
942 _2ddc
_cBK
999 _c61556
_d61556